Legal Aspect of Space Pollution: Space Debris

Právne aspekty vesmírneho znečistenia v medzinárodnom vesmírnom práve a predstavenie právne relevantných dokumentov, ako je zmluva o princípoch, ktoré riadia aktivity štátov pri objavovaní a využívaní vesmírneho priestoru, dohovory o medzinárodnej zodpovednosti pri škodách spôsobených vesmírnymi obj...

Descripción completa

Guardado en:
Detalles Bibliográficos
Autor principal: Klenka, Michal
Formato: Capítulo de libro
Lenguaje:inglés
Materias:
Etiquetas: Agregar Etiqueta
Sin Etiquetas, Sea el primero en etiquetar este registro!

MARC

LEADER 00000nla a2200000 4500
001 0241221
005 20240502073927.1
041 0 |a eng 
044 |a SK 
245 1 0 |a Legal Aspect of Space Pollution: Space Debris  |c Michal Klenka 
520 |a Právne aspekty vesmírneho znečistenia v medzinárodnom vesmírnom práve a predstavenie právne relevantných dokumentov, ako je zmluva o princípoch, ktoré riadia aktivity štátov pri objavovaní a využívaní vesmírneho priestoru, dohovory o medzinárodnej zodpovednosti pri škodách spôsobených vesmírnymi objektami, dohovory o registrácii objektov vo vesmíre a uznesenia ďalších kompetentných organizácií. 
610 2 0 |a veda 
610 2 0 |a právo medzinárodné 
610 2 0 |a právo ochrany prostredia 
610 2 0 |a dohody medzinárodné 
610 2 0 |a projekty medzinárodné 
610 2 0 |a ochrana prostredia životného 
100 1 |a Klenka, Michal